[Event "Omegna op"]
[White "Brociner, Beniamino"]
[Black "Cherchi, Antonio"]
[Site "Omegna"]
[Round "3"]
[Result "1-0"]
[Date "2024.08.10"]
[WhiteElo "2183"]
[BlackElo "1885"]
[PlyCount "73"]
[EventDate "2024.08.09"]
[EventType "swiss"]
[EventRounds "5"]
[EventCountry "ITA"]
[SourceTitle "EXT 2025"]
[Source "ChessBase"]
[SourceDate "2024.10.14"]
[SourceVersion "1"]
[SourceVersionDate "2024.10.14"]
[SourceQuality "1"]

1. Nf3 Nf6 2. c4 g6 3. g3 Bg7 4. Bg2 c6 5. 0-0 0-0 6. d4 d5 7. cxd5 cxd5 8. Nc3 Nc6 9. Ne5 Nd7 10. f4 Nb6 11. e3 f6 12. Nd3 Rb8 13. a4 e6 14. b3 Na8 15. Ba3 Re8 16. Rc1 Bf8 17. Bxf8 Rxf8 18. h4 Ne7 19. g4 Nc7 20. Qc2 b5 21. Rf2 a5 22. Bf3 bxa4 23. Nxa4 Na6 24. Nac5 Qb6 25. Be2 Rd8 26. Rh2 Nxc5 27. Nxc5 Qd6 28. Qc3 Nc6 29. h5 Nb4 30. hxg6 Na2 31. Qe1 Nxc1 32. Rxh7 Nxe2+ 33. Qxe2 Rxb3 34. Nxb3 Qb4 35. Rh8+ Kg7 36. Rxd8 Ba6 37. Qxa6 1-0